El método Lean Startup. Cómo crear empresas de éxito utilizando la innovación continua

Shranjeno v:
Bibliografske podrobnosti
Glavni avtor: Ries, Eric (Author)
Format: Knjiga
Jezik:španščina
Izdano: Barcelona, España. Deusto, 2015
Izdaja:8a. ed
Teme:
Online dostop:Disponible Online
Oznake: Označite
Brez oznak, prvi označite!

MARC

LEADER 00000cam a2200000 a 4500
001 UCE9027
003 CL-VaPUC
005 20240513095528.0
008 150928e20150000sp |||||||||||||||||spa|d
999 |c 360766  |d 360764 
020 |a 9788423409495 
040 |c Pontificia Universidad Católica de Valparaíso 
082 0 4 |a 658.11 RIE 2015  |2 21 
100 0 |a Ries, Eric  |e author  |9 581739 
245 1 3 |a El método Lean Startup.  |b Cómo crear empresas de éxito utilizando la innovación continua 
250 |a 8a. ed 
260 |a Barcelona, España.  |b Deusto,  |c 2015 
300 |a 317 páginas  
583 |a last modification  |c 20150928 14:02:00  |k Rodrigo Vera 
650 0 |a Empresas   |9 255569 
650 0 |a Consumidores  |9 315658 
650 0 |a Efectividad organizacional   |2 CL-VaPUC  |9 312773 
856 |u https://bibliografiadigital.pucv.cl/index.php/bibliotecapucv/catalog/book/643  |y Disponible Online 
942 |c BK  |2 ddc 
945 |d 20150928 14:02:00  |a dcastane 
952 |0 0  |1 0  |3 erb  |4 0  |6 658_110000000000000_RIE_2015  |7 0  |8 A  |9 470712  |a BIBING  |b BIBING  |i 5199727  |l 5  |m 2  |o 658.11 RIE 2015  |p 5199727  |r 2025-01-20  |s 2024-06-24  |w 2019-11-23  |y BK  |z Catalogado en:20150928  |k EII 
952 |0 0  |1 0  |3 erb  |4 0  |6 658_110000000000000_RIE_2015  |7 0  |8 A  |9 470713  |a BIBING  |b BIBING  |i 5199735  |l 1  |m 3  |o 658.11 RIE 2015  |p 5199735  |r 2025-01-20  |s 2023-04-05  |w 2019-11-23  |y BK  |z Catalogado en:20150928  |k EII 
952 |0 0  |1 0  |3 erb  |4 0  |6 658_110000000000000_RIE_2015  |7 0  |8 A  |9 470714  |a BIBING  |b BIBING  |i 5199743  |l 5  |m 4  |o 658.11 RIE 2015  |p 5199743  |r 2025-01-20  |s 2023-06-23  |w 2019-11-23  |y BK  |z Catalogado en:20150928  |k EII